000 00492nam a22001697a 4500
005 20250104190855.0
008 250104b |||||||| |||| 00| 0 eng d
020 _a9780007272617
041 _aEng
082 _a302.2 LOW
100 _aLowndes, Leil
245 _aHow To Talk To Anyone: 92 Little Tricks For Big Success In Relationships
260 _aChicago
_bThorson (Harper Collins)
_c2017
300 _a334;, P.
650 _aInterpersonal Communication; Body Language
942 _cBK
999 _c43190
_d43190